00495 2200169 4500001002100000005001500021035002000036245010000056100002500156300002600181260004000207082000800247084001400255020002200269600001700291990001700308INLIS00000000000089120250508021137 a0010-05250000321 aBukan Sepasang Malaikat Dunia Rumah Tangga : Agar komplit Berakhir Cantik /cRobiah Al-Adawiyah0 aAdawiyah, Robiah Al- a216 hlm ;c14 X 21 cm aSurakarta :bAfra Publishing,c2011 a640 a640 ADA b a978-602-8277-44-0 4aRumah Tangga a3269/PP/2025